[Event "ICS rated blitz match"]
[Site "204.178.125.65"]
[Date "2000.10.09"]
[Round "?"]
[White "Hossa"]
[Black "QueenMaxima"]
[Result "1-0"]
[WhiteElo "2525"]
[BlackElo "2566"]
[PlyCount "123"]
[EventDate "2000.??.??"]

1. c4 Nf6 2. Nc3 g6 3. g3 Bg7 4. Nf3 O-O 5. Bg2 d6 6. O-O e5 7. d3 Nc6 8. Rb1
a5 9. Ra1 Re8 10. h3 e4 11. dxe4 Nxe4 12. Nxe4 Rxe4 13. Nd2 Re8 14. Re1 Bf5 15.
Nf1 Qd7 16. g4 Be6 17. Qa4 Nd4 18. Qxd7 Bxd7 19. Ne3 Bc6 20. Bxc6 Nxc6 21. Nd5
Rac8 22. Be3 Re4 23. Rac1 Nb4 24. Nxb4 axb4 25. Rc2 Ra8 26. b3 f5 27. gxf5 gxf5
28. Bd2 c5 29. Kg2 Kf7 30. Kf3 Be5 31. Rd1 Rh4 32. Rh1 h6 33. Bc1 Ke6 34. e3 b6
35. Ke2 d5 36. cxd5+ Kxd5 37. f4 Bf6 38. Bd2 b5 39. Kf3 Bg7 40. Be1 Rh5 41. e4+
Ke6 42. e5 Bf8 43. Bf2 c4 44. bxc4 bxc4 45. Rxc4 Rxa2 46. Rc6+ Kd7 47. Rcc1
Ra3+ 48. Kg2 Ke6 49. Rc6+ Kf7 50. e6+ Kg8 51. Rc8 Rc3 52. Rd8 Rc7 53. Bc5 Kg7
54. Rd7+ Kg6 55. Rxc7 Bxc5 56. Rxc5 Kf6 57. Re1 Ke7 58. Rc7+ Kd8 59. Rd7+ Ke8
60. Rc1 Rg5+ 61. fxg5 h5 62. Rc8# {QueenMaxima checkmated} 1-0

[Event "ICS rated blitz match"]
[Site "204.178.125.65"]
[Date "2000.10.09"]
[Round "?"]
[White "QueenMaxima"]
[Black "Hossa"]
[Result "0-1"]
[WhiteElo "2548"]
[BlackElo "2543"]
[PlyCount "124"]
[EventDate "2000.??.??"]

1. d4 d5 2. c4 e6 3. Nf3 Nf6 4. cxd5 exd5 5. Bg5 h6 6. Bxf6 Qxf6 7. Nc3 c6 8.
e3 Bd6 9. Bd3 Bg4 10. h3 Be6 11. Qb3 b6 12. O-O-O O-O 13. Kb1 Re8 14. Rc1 Nd7
15. Qa4 Bf5 16. Bxf5 Qxf5+ 17. Rc2 Nb8 18. Rhc1 Qg6 19. Nxd5 b5 20. Qb3 cxd5
21. Qxd5 Na6 22. Nh4 Nb4 23. Nxg6 Nxd5 24. Nh4 Ne7 25. g4 Rac8 26. Rxc8 Rxc8
27. Rxc8+ Nxc8 28. Nf5 Kh7 29. Kc2 g6 30. Nxd6 Nxd6 31. Kd3 Kg7 32. d5 Kf6 33.
f4 g5 34. Kd4 Nc4 35. b3 Na3 36. f5 Nc2+ 37. Ke4 Ke7 38. Kd3 Nb4+ 39. Kd4 Nxa2
40. Kc5 b4 41. Kc6 Nc3 42. d6+ Kd8 43. Kc5 a5 44. e4 Nxe4+ 45. Kb5 Nf2 46. Kxa5
Kd7 47. Kxb4 Kxd6 48. Ka5 Nxh3 49. b4 Nf2 50. Ka6 Nxg4 51. b5 Ne5 52. b6 Nd7
53. Kb7 g4 54. Ka7 Nxb6 55. Kxb6 g3 56. f6 g2 57. Kb5 g1=Q 58. Kc4 Qe3 59. Kb4
Kd5 60. Kb5 Qb3+ 61. Ka6 Kc6 62. Ka7 Qb7# {QueenMaxima checkmated} 0-1

[Event "ICS rated blitz match"]
[Site "204.178.125.65"]
[Date "2000.10.09"]
[Round "?"]
[White "Hossa"]
[Black "QueenMaxima"]
[Result "1/2-1/2"]
[WhiteElo "2559"]
[BlackElo "2532"]
[PlyCount "199"]
[EventDate "2000.??.??"]

1. c4 Nf6 2. Nc3 g6 3. g3 Bg7 4. Nf3 d6 5. Bg2 Nc6 6. d4 O-O 7. d5 Na5 8. Nd2
c5 9. O-O e5 10. a3 b6 11. b4 Nb7 12. Bb2 Bd7 13. Qb1 a6 14. Qc2 Qc8 15. Nde4
Nxe4 16. Nxe4 Rb8 17. f4 f5 18. Nf2 exf4 19. Bxg7 Kxg7 20. gxf4 h6 21. Qc3+ Kh7
22. Rfe1 Ba4 23. Nd3 Re8 24. Nb2 Bd7 25. Qf6 Rg8 26. e4 fxe4 27. Rxe4 Qf8 28.
Re7+ Rg7 29. Qxg7+ Qxg7 30. Rae1 Rf8 31. Rxg7+ Kxg7 32. Re7+ Rf7 33. Rxf7+ Kxf7
34. Nd3 cxb4 35. Nxb4 Na5 36. Bf1 Ba4 37. Nxa6 Bb3 38. Nc7 Nxc4 39. Bxc4 Bxc4
40. Kf2 g5 41. fxg5 hxg5 42. Ke3 Kf6 43. Kd4 Be2 44. a4 Ke7 45. Na8 b5 46. a5
Kd8 47. a6 Kc8 48. Nb6+ Kb8 49. a7+ Kxa7 50. Nc8+ Kb8 51. Nxd6 b4 52. Ne4 g4
53. d6 Kc8 54. Nc5 Bb5 55. Ke5 Kd8 56. Kf5 Bd7+ 57. Kf4 Kc8 58. Ke5 Kd8 59. Kd5
Bb5 60. Ke4 Bc4 61. Kd4 Be2 62. Ke3 Bc4 63. Kd2 Bb5 64. Kd1 Bf1 65. Kc1 Bc4 66.
Kb2 Ke8 67. Kc2 Kd8 68. Kc1 Bb5 69. Kb2 Bc4 70. Kc2 Ke8 71. Kd2 Kd8 72. Ke3 Bb5
73. Kf4 Bd7 74. Kg5 Ke8 75. Kg6 Kd8 76. Kf6 Bb5 77. Ne6+ Kd7 78. Ke5 Kc8 79.
Nc5 Kd8 80. Kd5 Kc8 81. Ke6 Kd8 82. Kf6 Bc4 83. Na4 b3 84. Nb2 Bd5 85. Ke5 Bf3
86. Ke6 Be4 87. Nc4 Bd3 88. Nb2 Be4 89. Nc4 Bc6 90. Nb2 Be4 91. Nc4 Bc6 92. Nb2
Be4 93. Nc4 Bd3 94. Nb2 Be4 95. Nc4 Bc6 96. Nb2 Be4 97. Nc4 Bc6 98. Nb2 Be4 99.
Nc4 Bc6 100. Nb2 {Game drawn by repetition} 1/2-1/2

[Event "ICS rated standard match"]
[Site "204.178.125.65"]
[Date "2000.10.09"]
[Round "?"]
[White "Hossa"]
[Black "BrazilianMaster"]
[Result "0-1"]
[WhiteElo "2432"]
[BlackElo "2641"]
[PlyCount "116"]
[EventDate "2000.??.??"]

1. Nf3 Nf6 2. c4 c5 3. Nc3 e6 4. d4 cxd4 5. Nxd4 Nc6 6. Bf4 d5 7. e3 Qb6 8.
Ndb5 e5 9. Bxe5 Nxe5 10. Qd4 Ned7 11. Qxb6 Nxb6 12. Nc7+ Kd8 13. Nxa8 Nxa8 14.
O-O-O Nb6 15. cxd5 Bd6 16. f3 a6 17. e4 Bd7 18. b3 Ke7 19. Kc2 Rc8 20. Kd3 Bb4
21. Ne2 Bb5+ 22. Ke3 Rc2 23. Nd4 Rc3+ 24. Kf2 Bd7 25. Bd3 Bc5 26. Bb1 Kd6 27.
Ke1 Re3+ 28. Kf1 Ke5 29. Ne2 Bb5 30. Re1 Nh5 31. Bc2 Nf4 32. Bd1 a5 33. a4 Ba6
34. h4 f5 35. d6 fxe4 36. fxe4 Nd3 37. h5 Bxd6 38. Kg1 Nxe1 39. Kf2 Nc2 40. h6
g6 41. Ng1 Rc3 42. Nf3+ Kxe4 43. Nd2+ Kf5 44. Bf3 Bf4 45. Rd1 Nd4 46. Be4+ Kg4
47. b4 Be3+ 48. Ke1 Nxa4 49. Rb1 Nc2+ 50. Kd1 Nxb4 51. Ra1 Nb2+ 52. Ke1 Nc2+
53. Bxc2 Rxc2 54. Rd1 Nxd1 55. Nf3 Nb2 56. Ne5+ Kg5 57. Nd3 Bxd3 58. g3 Bf2# {
Hossa checkmated} 0-1

[Event "ICS rated blitz match"]
[Site "204.178.125.65"]
[Date "2000.10.09"]
[Round "?"]
[White "brutus"]
[Black "Hossa"]
[Result "0-1"]
[WhiteElo "2179"]
[BlackElo "2567"]
[PlyCount "54"]
[EventDate "2000.??.??"]

1. e4 d5 2. exd5 Qxd5 3. Nc3 Qa5 4. d4 Nf6 5. Nf3 c6 6. Be2 Ne4 7. O-O Nxc3 8.
bxc3 Qxc3 9. Rb1 b6 10. Re1 Bf5 11. Bd3 Bxd3 12. cxd3 e6 13. Bb2 Qa5 14. Re5
Qxa2 15. Qc2 Ba3 16. h3 O-O 17. Qc1 Bb4 18. Rh5 Rd8 19. Ng5 Rd5 20. Ra1 Qb3 21.
Qf4 Rf5 22. Qc7 Qxb2 23. Rf1 g6 24. g4 Rxg5 25. Rxg5 Bd2 26. Re5 Qxd4 27. Rd1
Qd7 {brutus resigns} 0-1

[Event "ICS Rated blitz match"]
[Site "204.178.125.65"]
[Date "2000.10.09"]
[Round "?"]
[White "brutus"]
[Black "Hossa"]
[Result "0-1"]
[WhiteElo "2173"]
[BlackElo "2573"]
[PlyCount "35"]
[EventDate "2000.??.??"]

1. e4 d5 2. exd5 Qxd5 3. Nc3 Qa5 4. d4 Nf6 5. Nf3 c6 6. Be2 Ne4 7. O-O Nxc3 8.
bxc3 Qxc3 9. Bd2 Qa3 10. Bd3 Nd7 11. Qe2 Nb6 12. Rfb1 Qd6 13. Bb4 Qf6 14. c3
Nd5 15. Ba3 Nxc3 16. Qe3 Nxb1 17. Rxb1 e6 18. Ne5 {brutus resigns} 0-1

[Event "ICS rated standard match"]
[Site "204.178.125.65"]
[Date "2000.10.09"]
[Round "?"]
[White "Hossa"]
[Black "stutsar"]
[Result "1/2-1/2"]
[WhiteElo "2411"]
[BlackElo "1959"]
[PlyCount "75"]
[EventDate "2000.??.??"]

1. d4 Nf6 2. c4 e6 3. Nc3 Bb4 4. Qc2 O-O 5. a3 Bxc3+ 6. Qxc3 d6 7. Bg5 Nbd7 8.
e3 b6 9. Bd3 Bb7 10. f3 h6 11. Bh4 g5 12. Bg3 g4 13. Bf4 Kg7 14. h3 e5 15. dxe5
dxe5 16. Bg3 gxf3 17. gxf3 Qe7 18. Bf5 Nh5 19. Bh2 Rad8 20. O-O-O Nhf6 21. e4
Rg8 22. Ne2 h5 23. Rhg1+ Kf8 24. Rxg8+ Nxg8 25. Bxe5 Nxe5 26. Rxd8+ Qxd8 27.
Qxe5 Qd3 28. Qxc7 Qxe2 29. Qxb7 Qxc4+ 30. Kd2 Qd4+ 31. Kc2 Qc4+ 32. Kb1 Qf1+
33. Ka2 Qc4+ 34. b3 Qc2+ 35. Ka1 Qc3+ 36. Ka2 Qc2+ 37. Ka1 Qc3+ 38. Ka2 {
Game drawn by mutual agreement} 1/2-1/2

[Event "ICS rated standard match"]
[Site "204.178.125.65"]
[Date "2000.10.09"]
[Round "?"]
[White "MODIFICADOR"]
[Black "Hossa"]
[Result "0-1"]
[WhiteElo "2060"]
[BlackElo "2397"]
[PlyCount "62"]
[EventDate "2000.??.??"]

1. d4 d5 2. c4 dxc4 3. Nf3 Nf6 4. e3 e6 5. Bxc4 c5 6. O-O a6 7. a4 Nc6 8. Nc3
Be7 9. dxc5 O-O 10. e4 Bxc5 11. Qxd8 Rxd8 12. Bg5 Rd7 13. h3 Bb4 14. e5 Bxc3
15. bxc3 Ne4 16. Be3 Na5 17. Ba2 Nxc3 18. Bc5 Nxa4 19. Bxe6 fxe6 20. Rxa4 Nc6
21. Bd6 b5 22. Rf4 Bb7 23. Nd4 Nxd4 24. Rxd4 Bd5 25. Ra1 a5 26. Bb4 a4 27. Ra3
Rc8 28. Rc3 Rxc3 29. Bxc3 a3 30. f4 Rc7 31. Rd3 a2 {MODIFICADOR resigns} 0-1

[Event "ICS rated standard match"]
[Site "204.178.125.65"]
[Date "2000.10.09"]
[Round "?"]
[White "Hossa"]
[Black "MODIFICADOR"]
[Result "1-0"]
[WhiteElo "2401"]
[BlackElo "2056"]
[PlyCount "149"]
[EventDate "2000.??.??"]

1. d4 Nf6 2. c4 c6 3. Nc3 d5 4. Nf3 e6 5. cxd5 exd5 6. e3 Bf5 7. Nh4 Bc8 8. Bd3
g6 9. Nf3 Bg7 10. b3 O-O 11. a4 a5 12. Ba3 Re8 13. b4 axb4 14. Bxb4 Na6 15. Ba3
Qa5 16. Qb3 Ne4 17. Rc1 Nxc3 18. Qxc3 Qxc3+ 19. Rxc3 Nc7 20. Bc2 Bf8 21. Bxf8
Kxf8 22. Ke2 Bg4 23. h3 Bxf3+ 24. Kxf3 Reb8 25. Rb3 Ne8 26. Rb2 Nd6 27. Bb3 Ke7
28. Rc1 f6 29. h4 Ra5 30. Rcb1 Ra7 31. Re2 Re8 32. Rc1 Kd7 33. g3 h5 34. Ra2
Ra5 35. Rb2 Re7 36. Bc2 Rg7 37. Rb4 Kc7 38. Bd3 Kd7 39. Rcb1 Ke6 40. Rc1 Rg8
41. Rc5 Ra7 42. Rc3 Kf7 43. Ke2 Rga8 44. Bc2 f5 45. f3 Kf6 46. Rb6 Re8 47. Rb1
Re7 48. Rb4 Re8 49. Kf2 Re7 50. Bd1 Re8 51. Bb3 Re7 52. Rc1 Re8 53. Rc5 Re7 54.
Rc2 Re8 55. Re2 Re7 56. Re1 Ra8 57. Rd1 Rae8 58. Re1 Ra8 59. Bc2 Rae8 60. Bd3
Ra8 61. Ke2 Rae8 62. Kd2 Rg8 63. Rb6 g5 64. Rbb1 gxh4 65. gxh4 Reg7 66. e4 Rg2+
67. Kc3 dxe4 68. fxe4 fxe4 69. Bxe4 R8g3+ 70. Kb4 Rg4 71. Bxg2 Rxg2 72. Re5 Rg4
73. Rf1+ Kg7 74. Rxh5 Rf4 75. Rxf4 {MODIFICADOR resigns} 1-0

[Event "ICS rated blitz match"]
[Site "204.178.125.65"]
[Date "2000.10.09"]
[Round "?"]
[White "Hossa"]
[Black "postalex"]
[Result "1-0"]
[WhiteElo "2576"]
[BlackElo "2064"]
[PlyCount "67"]
[EventDate "2000.??.??"]

1. e4 Nc6 2. d4 d5 3. Nc3 dxe4 4. d5 Ne5 5. Qd4 Ng6 6. Qxe4 Nf6 7. Qa4+ Bd7 8.
Bb5 a6 9. Bxd7+ Qxd7 10. Qxd7+ Nxd7 11. Nf3 Nc5 12. Be3 e5 13. O-O-O Bd6 14.
Rde1 O-O 15. h4 Rfe8 16. h5 Nf4 17. Reg1 e4 18. Nd4 g6 19. hxg6 hxg6 20. Rh4
Nh5 21. g4 Nf6 22. Rgh1 Kf8 23. Nde2 Ke7 24. g5 Nh5 25. Kb1 Kf8 26. a3 Re7 27.
Nf4 Bxf4 28. Bxf4 Rd8 29. b4 Nd7 30. Bxc7 Rc8 31. Bd6 Rxc3 32. Rxe4 Rxa3 33.
Rxe7 Rf3 34. Re3+ {postalex resigns} 1-0

[Event "ICS rated standard match"]
[Site "204.178.125.65"]
[Date "2000.10.09"]
[Round "?"]
[White "MODIFICADOR"]
[Black "Hossa"]
[Result "0-1"]
[WhiteElo "2052"]
[BlackElo "2405"]
[PlyCount "56"]
[EventDate "2000.??.??"]

1. d4 d5 2. c4 e6 3. Nc3 Nf6 4. cxd5 exd5 5. Bf4 c6 6. e3 Ne4 7. Bd3 Bb4 8.
Nge2 g5 9. Be5 f6 10. Bxb8 Rxb8 11. a3 Nxc3 12. bxc3 Bd6 13. Ng3 Qa5 14. Qh5+
Ke7 15. O-O Qxc3 16. Qh6 Rf8 17. Qxh7+ Rf7 18. Qg6 Bxg3 19. hxg3 Bg4 20. Rfc1
Qd2 21. Rc2 Qa5 22. e4 Rh8 23. exd5 Rfh7 24. Qxh7+ Rxh7 25. Bxh7 Qxd5 26. Re1+
Kd6 27. Rd2 Qa5 28. Ra2 Qxe1+ {MODIFICADOR resigns} 0-1

[Event "ICS rated standard match"]
[Site "204.178.125.65"]
[Date "2000.10.09"]
[Round "?"]
[White "Hossa"]
[Black "MODIFICADOR"]
[Result "1-0"]
[WhiteElo "2409"]
[BlackElo "2048"]
[PlyCount "31"]
[EventDate "2000.??.??"]

1. e4 c6 2. d4 d6 3. Nf3 Bg4 4. Bf4 e6 5. h3 Bh5 6. Nbd2 d5 7. exd5 exd5 8.
Qe2+ Qe7 9. O-O-O Qxe2 10. Bxe2 Nd7 11. Rde1 O-O-O 12. Ne5 Nxe5 13. Bxh5 Nd7
14. Bxf7 Ngf6 15. c3 b6 16. g4 {MODIFICADOR resigns} 1-0

[Event "ICS Rated standard match"]
[Site "204.178.125.65"]
[Date "2000.10.09"]
[Round "?"]
[White "MODIFICADOR"]
[Black "Hossa"]
[Result "0-1"]
[WhiteElo "2044"]
[BlackElo "2413"]
[PlyCount "72"]
[EventDate "2000.??.??"]

1. d4 d5 2. c4 e6 3. Nc3 Nf6 4. cxd5 exd5 5. Bf4 c6 6. e3 Ne4 7. Bd3 Bb4 8.
Nge2 Ba5 9. O-O Nf6 10. h3 O-O 11. Rb1 Be6 12. b4 Bc7 13. Qc2 Bxf4 14. Nxf4
Nbd7 15. b5 c5 16. dxc5 Nxc5 17. Nce2 Rc8 18. Nd4 Nfe4 19. Bxe4 Nxe4 20. Qb2
Re8 21. Rbc1 Rc4 22. Rxc4 dxc4 23. Qc2 Bd7 24. a4 Nd6 25. Rd1 Qe7 26. Qc3 Ne4
27. Qc2 Rc8 28. Rc1 Nf6 29. Qe2 Qc5 30. Qf3 Qa3 31. Nfe2 b6 32. Nc6 Bxc6 33.
Rxc4 Qa1+ 34. Nc1 Bd7 35. Rxc8+ Bxc8 36. Qc6 Bd7 {MODIFICADOR resigns} 0-1

[Event "ICS rated standard match"]
[Site "204.178.125.65"]
[Date "2000.10.09"]
[Round "?"]
[White "Hossa"]
[Black "MODIFICADOR"]
[Result "1-0"]
[WhiteElo "2422"]
[BlackElo "2035"]
[PlyCount "59"]
[EventDate "2000.??.??"]

1. d4 Nf6 2. c4 c6 3. Nf3 d5 4. Bf4 e6 5. e3 Bd6 6. Bxd6 Qxd6 7. Nbd2 Nbd7 8.
Bd3 O-O 9. O-O c5 10. Qc2 a6 11. Ng5 h6 12. Ngf3 b6 13. cxd5 Nxd5 14. Rfc1 Nb4
15. Qb1 Nxd3 16. Qxd3 Bb7 17. Qe2 Rac8 18. Nc4 Qd5 19. Rd1 Qh5 20. e4 b5 21.
Nd6 Rb8 22. Rac1 Ba8 23. dxc5 Nxc5 24. Qc2 Na4 25. b3 Nb6 26. Qc7 f5 27. Rc5 g5
28. Qe7 Rbe8 29. Nxe8 Rxe8 30. Rd8 {MODIFICADOR resigns} 1-0

[Event "ICS rated blitz match"]
[Site "204.178.125.65"]
[Date "2000.10.09"]
[Round "?"]
[White "QueenMaxima"]
[Black "Hossa"]
[Result "0-1"]
[WhiteElo "2552"]
[BlackElo "2578"]
[PlyCount "132"]
[EventDate "2000.??.??"]

1. e3 d5 2. d4 Nf6 3. Nf3 g6 4. c4 Bg7 5. Nc3 O-O 6. Qb3 dxc4 7. Bxc4 Nc6 8.
Be2 Na5 9. Qa4 Nc6 10. Bb5 Bd7 11. d5 Nb8 12. O-O Nxd5 13. Nxd5 c6 14. Nxe7+
Qxe7 15. Be2 Bf5 16. Nd4 Be4 17. f3 Bd5 18. Rd1 Nd7 19. e4 Qc5 20. Be3 Nb6 21.
Qc2 Qxc2 22. Nxc2 Bc4 23. Bxc4 Nxc4 24. Bd4 Rad8 25. Bxg7 Kxg7 26. b3 Nb2 27.
Rxd8 Rxd8 28. Ne3 h6 29. Rb1 Rd2 30. Kf1 Nd3 31. Rd1 Rxd1+ 32. Nxd1 b5 33. Nc3
b4 34. Ne2 c5 35. g3 Kf6 36. f4 g5 37. h3 h5 38. h4 g4 39. Kg1 Ke7 40. Kf1 Kd6
41. Kg1 c4 42. bxc4 Kc5 43. f5 Kxc4 44. f6 a5 45. e5 Nxe5 46. Kf2 a4 47. Ke3 b3
48. axb3+ Kxb3 49. Ke4 a3 50. Kd4 Nf3+ 51. Kd3 Nxh4 52. Kd2 Nf3+ 53. Kd3 h4 54.
gxh4 Kb2 55. Nc3 g3 56. Nd1+ Kb3 57. Ne3 Nxh4 58. Nc4 g2 59. Nd2+ Kb4 60. Nc4
g1=Q 61. Nxa3 Qg6+ 62. Ke3 Kxa3 63. Kd2 Qe4 64. Kd1 Kb3 65. Kd2 Ng2 66. Kd1
Qe1# {QueenMaxima checkmated} 0-1

[Event "ICS rated blitz match"]
[Site "204.178.125.65"]
[Date "2000.10.09"]
[Round "?"]
[White "Colorado"]
[Black "Hossa"]
[Result "1-0"]
[WhiteElo "2663"]
[BlackElo "2593"]
[PlyCount "167"]
[EventDate "2000.??.??"]

1. e4 d5 2. exd5 Qxd5 3. Nc3 Qa5 4. d4 Nf6 5. Nf3 c6 6. Bc4 e6 7. O-O Bd6 8.
Bg5 Nbd7 9. Qd3 O-O 10. Ne4 Nxe4 11. Qxe4 Re8 12. Qg4 Qb4 13. Bb3 Qb5 14. Rae1
Qa5 15. Re2 Qc7 16. Bh6 Bf8 17. Bc4 e5 18. Qg3 Nb6 19. Bb3 Be6 20. Rxe5 Qd7 21.
Rfe1 Bxb3 22. axb3 f6 23. R5e3 Nd5 24. Rxe8 Rxe8 25. Bd2 Rd8 26. Qh4 Qf5 27.
Qe4 Qxe4 28. Rxe4 g5 29. h4 h6 30. Kf1 Kg7 31. g4 Nc7 32. Ke2 Kf7 33. c3 Bd6
34. Be3 Ne6 35. Kd3 Bf4 36. b4 Bxe3 37. Kxe3 gxh4 38. Nxh4 Ng5 39. Rf4 Ne6 40.
Rf5 Re8 41. Ra5 a6 42. Nf5 Ng7+ 43. Kd2 Nxf5 44. Rxf5 Kg6 45. b3 Kg7 46. Rh5
Kg6 47. f3 Rf8 48. Rf5 Rd8 49. Kd3 Re8 50. c4 Rd8 51. d5 b6 52. Kd4 cxd5 53.
Rxd5 Rb8 54. Rd6 Kg5 55. Rd5+ Kg6 56. Rd6 Kg5 57. Ke4 Re8+ 58. Kd3 Rb8 59. Rd5+
Kg6 60. Ke4 Rb7 61. Rd3 Kf7 62. Kf5 a5 63. Rd6 axb4 64. Rxf6+ Kg7 65. f4 Rb8
66. Re6 Rb7 67. Ke5 Kh7 68. f5 Rb8 69. Re7+ Kh8 70. f6 Kg8 71. Kf5 b5 72. Kg6
Rd8 73. cxb5 Rb8 74. Rg7+ Kf8 75. Rh7 Ke8 76. Rh8+ Kd7 77. Rxb8 Kc7 78. f7 Kxb8
79. f8=Q+ Kb7 80. Qc5 Kb8 81. Qc6 h5 82. b6 hxg4 83. Qc7+ Ka8 84. Qc8# {
Hossa checkmated} 1-0

[Event "ICS rated blitz match"]
[Site "204.178.125.65"]
[Date "2000.10.09"]
[Round "?"]
[White "Hossa"]
[Black "Colorado"]
[Result "0-1"]
[WhiteElo "2580"]
[BlackElo "2676"]
[PlyCount "130"]
[EventDate "2000.??.??"]

1. e4 e5 2. Nf3 Nf6 3. d4 Nxe4 4. Bd3 d5 5. Nxe5 Nd7 6. Nxd7 Bxd7 7. O-O Qh4 8.
c4 Nf6 9. Re1+ Kd8 10. Be2 dxc4 11. g3 Qh3 12. Bf1 Qg4 13. f3 Qg6 14. Bxc4 Ne8
15. Nc3 Nd6 16. Bd3 Nf5 17. Bf4 Bd6 18. Qc1 Bxf4 19. Qxf4 Qd6 20. Qxd6 Nxd6 21.
Rac1 h5 22. Kg2 h4 23. gxh4 Rxh4 24. Ne4 f5 25. Nxd6 cxd6 26. Rc4 b5 27. Rb4 a5
28. Kg3 g5 29. Rb3 Rxd4 30. Bxb5 f4+ 31. Kg2 a4 32. Bxd7 Rd2+ 33. Kh3 Kxd7 34.
Rb7+ Kc6 35. Rb4 Rh8+ 36. Kg4 Rd5 37. Rxf4 Rh4+ 38. Kg3 Rxf4 39. Rc1+ Rc5 40.
Rb1 Rb5 41. b3 axb3 42. axb3 Rfb4 43. Rc1+ Rc5 44. Rh1 Rxb3 45. Kg4 Rb4+ 46.
Kg3 Rc3 47. Ra1 Rf4 48. Kg2 Rcxf3 49. Ra6+ Kd7 50. Ra5 g4 51. Rg5 Re3 52. Rg8
Rc4 53. Rg7+ Kc6 54. Rg8 Rc2+ 55. Kf1 Ree2 56. Rc8+ Kd5 57. Rb8 Rxh2 58. Kg1
Rcg2+ 59. Kf1 Rb2 60. Kg1 g3 61. Rf8 Rhf2 62. Rxf2 Rxf2 63. Kh1 Ke4 64. Kg1 Kf3
65. Kh1 Rf1# {Hossa checkmated} 0-1

[Event "ICS rated blitz match"]
[Site "204.178.125.65"]
[Date "2000.10.09"]
[Round "?"]
[White "QueenMaxima"]
[Black "Hossa"]
[Result "0-1"]
[WhiteElo "2529"]
[BlackElo "2568"]
[PlyCount "160"]
[EventDate "2000.??.??"]

1. d4 Nf6 2. Bf4 d5 3. Nf3 e6 4. e3 c5 5. Nbd2 c4 6. Be2 Be7 7. O-O Nh5 8. Bxb8
Rxb8 9. b3 c3 10. Nb1 Qa5 11. Qe1 Bb4 12. a3 Bd7 13. Ne5 Nf6 14. Nd3 Bd6 15.
Nxc3 Qc7 16. Nb2 Rc8 17. Nb5 Bxb5 18. Bxb5+ Kf8 19. c4 Bxh2+ 20. Kh1 Bd6 21. c5
Be7 22. f3 Nh5 23. f4 Nf6 24. Rf3 Ne4 25. Rh3 Bf6 26. Nd3 a6 27. Ba4 b6 28. b4
Be7 29. Ne5 Kg8 30. Bd7 Rd8 31. cxb6 Qxb6 32. Rc1 Bd6 33. Ba4 Qb7 34. Bc6 Qe7
35. Qf1 f6 36. Nc4 Bc7 37. Nb2 a5 38. Qe1 axb4 39. Qxb4 Nf2+ 40. Kh2 Bd6 41.
Qc3 Nxh3 42. gxh3 Bxa3 43. Ra1 Bd6 44. Nd3 Rc8 45. Ra6 g5 46. Qc2 Kf7 47. Qd1
gxf4 48. Qh5+ Kg7 49. exf4 Rhg8 50. Rb6 Kh8 51. Qh4 Qg7 52. Qf2 Qg6 53. Qf1
Qg3+ 54. Kh1 Rgd8 55. Ra6 Qe3 56. h4 Qg3 57. h5 Rg8 58. Ra2 Rxc6 59. h6 Rc4 60.
Rf2 Rg4 61. Qg2 Qh4+ 62. Qh2 Rxd4 63. Nb2 Rdxf4 64. Qxh4 Rxh4+ 65. Kg1 Rxf2 66.
Kxf2 Rh2+ 67. Ke3 Bc5+ 68. Kd3 Rxb2 69. Kc3 Ra2 70. Kb3 Rg2 71. Kc3 Kg8 72. Kd3
Kf7 73. Kc3 Ke7 74. Kd3 Kd6 75. Kc3 Ke5 76. Kd3 Kf5 77. Kc3 Ke4 78. Kb3 Kd3 79.
Ka4 Kc4 80. Ka5 Ra2# {QueenMaxima checkmated} 0-1

[Event "ICS rated blitz match"]
[Site "204.178.125.65"]
[Date "2000.10.09"]
[Round "?"]
[White "Hossa"]
[Black "Amateur"]
[Result "1-0"]
[WhiteElo "2582"]
[BlackElo "2581"]
[PlyCount "117"]
[EventDate "2000.??.??"]

1. e4 c6 2. d4 d5 3. Nc3 dxe4 4. Nxe4 Nf6 5. Nxf6+ gxf6 6. c3 e5 7. Nf3 e4 8.
Nd2 Qe7 9. Be2 Rg8 10. Rg1 Bh3 11. Kf1 Bf5 12. Nc4 Qc7 13. Ne3 Be6 14. d5 cxd5
15. Nxd5 Qe5 16. Nf4 Bc5 17. Nxe6 fxe6 18. g3 Nc6 19. Bh5+ Ke7 20. Bf4 Qf5 21.
Rg2 Rad8 22. Qe2 Bd6 23. Be3 Kd7 24. Rd1 Kc7 25. b4 Kb8 26. b5 Ne5 27. b6 a6
28. g4 Qf3 29. Qxf3 Nxf3 30. Bf7 Bxh2 31. Bd4 Rgf8 32. Bxe6 Bf4 33. Bf5 Nh4 34.
Bxh7 Nxg2 35. Kxg2 e3 36. Kf3 exf2 37. Kxf4 f1=Q+ 38. Rxf1 Rd7 39. Be4 Rdf7 40.
Kg3 a5 41. Bd5 Rd7 42. Bc4 Re8 43. Rxf6 Rh7 44. Rf5 Rh1 45. Rxa5 Rhe1 46. g5
R8e4 47. Kf3 Kc8 48. g6 Rxd4 49. cxd4 Rg1 50. Bd3 Kd8 51. Ra7 Kc8 52. Kf4 Rg2
53. Be4 Rg1 54. Ke5 Rg3 55. Ke6 Kb8 56. Rxb7+ Kc8 57. Rg7 Rxg6+ 58. Rxg6 Kd8
59. Rg8# {Amateur checkmated} 1-0

[Event "ICS rated blitz match"]
[Site "204.178.125.65"]
[Date "2000.10.09"]
[Round "?"]
[White "Amateur"]
[Black "Hossa"]
[Result "0-1"]
[WhiteElo "2565"]
[BlackElo "2598"]
[PlyCount "124"]
[EventDate "2000.??.??"]

1. e4 e6 2. d4 d5 3. e5 c5 4. c3 Nc6 5. Nf3 Qb6 6. a3 Nh6 7. b4 cxd4 8. Bxh6
gxh6 9. cxd4 Bd7 10. Nc3 Rc8 11. Na4 Qc7 12. Bd3 Bg7 13. Rc1 f6 14. O-O fxe5
15. Nxe5 Bxe5 16. Qh5+ Ke7 17. dxe5 Qxe5 18. Qxh6 Nd4 19. Rxc8 Bxc8 20. Bxh7 b6
21. Rb1 Ba6 22. Nb2 Kd6 23. Kh1 Nf5 24. Qg5 Rxh7 25. Qd8+ Kc6 26. Rc1+ Bc4 27.
Qa8+ Kd6 28. Qd8+ Rd7 29. Qf8+ Ne7 30. Nxc4+ dxc4 31. Qb8+ Rc7 32. Qd8+ Kc6 33.
Rd1 Kb7 34. Qd2 c3 35. Qc2 Nf5 36. Rf1 Qf4 37. Qc1 Qxc1 38. Rxc1 Nd4 39. g3 c2
40. Kg2 Nb3 41. Rxc2 Rxc2 42. b5 Nd4 43. a4 Ra2 44. Kh3 Rxf2 45. Kg4 Rxh2 46.
Kf4 Ra2 47. g4 Rxa4 48. Kg3 Rb4 49. g5 Rxb5 50. Kg4 a5 51. g6 Rd5 52. Kf4 Rf5+
53. Ke3 Nc6 54. Kd2 Rg5 55. Kc2 b5 56. Kd2 Rxg6 57. Kd1 Rg2 58. Kc1 Nd4 59. Kb1
a4 60. Ka1 a3 61. Kb1 a2+ 62. Kc1 a1=Q# {Amateur checkmated} 0-1

[Event "ICS rated blitz match"]
[Site "204.178.125.65"]
[Date "2000.10.09"]
[Round "?"]
[White "Hossa"]
[Black "Amateur"]
[Result "0-1"]
[WhiteElo "2612"]
[BlackElo "2551"]
[PlyCount "132"]
[EventDate "2000.??.??"]

1. e4 e5 2. Nf3 Nc6 3. Nc3 Nf6 4. d4 exd4 5. Nxd4 Bb4 6. Nxc6 Bxc3+ 7. bxc3
bxc6 8. Ba3 d6 9. e5 Qe7 10. f4 O-O 11. Bd3 Bg4 12. Qd2 c5 13. O-O dxe5 14. Qe3
Nd7 15. Qe4 Qh4 16. fxe5 Qh5 17. Rae1 Rae8 18. Qa4 c6 19. Qxc6 Rxe5 20. Rxe5
Qxe5 21. Qa4 Be6 22. Qxa7 Qxc3 23. Bb5 Nb6 24. Rf3 Qd4+ 25. Rf2 Qa1+ 26. Rf1
Qxa2 27. Bc6 h6 28. Be4 Bc4 29. Re1 Be6 30. Rf1 Bg4 31. Bd3 Bd7 32. Qxb6 Qxa3
33. Qd6 Be6 34. Bh7+ Kxh7 35. Qxf8 Qe3+ 36. Kh1 Qe2 37. Rc1 Bd5 38. Rg1 Qxc2
39. Qd6 Be4 40. Qe7 f5 41. h3 c4 42. Qd6 c3 43. Qd8 Qf2 44. Qc7 c2 45. Qh2 Qd2
46. h4 c1=Q 47. Rxc1 Qxc1+ 48. Qg1 Qxg1+ 49. Kxg1 g5 50. h5 g4 51. g3 Kg7 52.
Kf2 Kf6 53. Ke3 Kg5 54. Kd4 Bf3 55. Ke5 Be2 56. Kd5 f4 57. Ke4 Bf3+ 58. Ke5
fxg3 59. Ke6 g2 60. Ke7 g1=Q 61. Kd7 Qa7+ 62. Kd6 g3 63. Ke6 g2 64. Ke5 g1=Q
65. Ke6 Qgb6+ 66. Ke5 Qf6# {Hossa checkmated} 0-1

[Event "ICS rated blitz match"]
[Site "204.178.125.65"]
[Date "2000.10.09"]
[Round "?"]
[White "Amateur"]
[Black "Hossa"]
[Result "1/2-1/2"]
[WhiteElo "2570"]
[BlackElo "2593"]
[PlyCount "87"]
[EventDate "2000.??.??"]

1. e4 e5 2. Nf3 Nc6 3. Bb5 a6 4. Ba4 Nf6 5. O-O Be7 6. Re1 b5 7. Bb3 d6 8. c3
O-O 9. h3 Bb7 10. d4 Re8 11. Nbd2 Bf8 12. a4 h6 13. Bc2 exd4 14. cxd4 Nb4 15.
Bb1 c5 16. d5 Nd7 17. Ra3 f5 18. exf5 Nf6 19. axb5 axb5 20. Ne4 Rxa3 21. Nxf6+
Qxf6 22. Rxe8 Ra1 23. Re6 Qf7 24. Bd2 Bxd5 25. Bxb4 Bxf3 26. gxf3 cxb4 27. Re1
Kh8 28. Qd2 b3 29. Bd3 Ra2 30. Re6 d5 31. Qc3 Qh5 32. f6 Ra1+ 33. Kh2 Rh1+ 34.
Kxh1 Qxh3+ 35. Kg1 Qxe6 36. fxg7+ Bxg7 37. Qxb3 Bd4 38. Kg2 Qg8+ 39. Kf1 Qg5
40. Qxb5 Qc1+ 41. Kg2 Qg5+ 42. Kf1 Qc1+ 43. Kg2 Qg5+ 44. Kf1 {
Game drawn by repetition} 1/2-1/2